Normal view
MARC view
- Express highways
Entry Topical Term
001 - CONTROL NUMBER
- control field: 21958
003 - CONTROL NUMBER IDENTIFIER
- control field: NUST
005 - DATE AND TIME OF LATEST TRANSACTION
- control field: 20190930100730.0
008 - FIXED-LENGTH DATA ELEMENTS
- fixed length control field: 190930|| aca||aabn | a|a d
040 ## - CATALOGING SOURCE
- Original cataloging agency: NUST
- Transcribing agency: NUST
150 ## - HEADING--TOPICAL TERM
- Topical term or geographic name entry element: Express highways
- Geographic subdivision: United States
- General subdivision: Management.
670 ## - SOURCE DATA FOUND
- Source citation: Work cat.: (NUST)0: Dudek, Conrad L. 21957, Freeway corridor management /, [1992]
